000 00319nam a2200133Ia 4500
005 20251222143226.0
008 251222s9999||||xx |||||||||||||| ||spa||
020 _a84-7050-160-7
082 _a282.1/C76B
100 _aComes Domenech, Juan
245 0 _aHomilĂ­as sobre Evangelios:
264 _bEdicep
942 _cLIB
999 _c14020
_d14020